| 000 | 00478nam a2200193 a 4500 | ||
|---|---|---|---|
| 005 | 20210219152813.0 | ||
| 008 | 991125n 000 0 spa u | ||
| 022 | _a0188-6320 | ||
| 035 | _aUPN01000061783 | ||
| 049 | _aREV | ||
| 245 | 0 | 0 | _aROMPAN FILAS |
| 260 |
_aDistrito Federal, México _bInvestigaciones y Servicios Educativos |
||
| 310 | _aBimestral | ||
| 653 | 0 | _aSOCIEDAD | |
| 653 | 0 | _aFAMILIA | |
| 653 | 0 | _aNIÑOS | |
| 905 | _aRevista | ||
| 999 |
_c61298 _d61298 |
||